Our Christmas story, (Record no. 1224)
[ view plain ]
| 000 -LEADER | |
|---|---|
| fixed length control field | 00605cam a2200217u 4500 |
| 001 - CONTROL NUMBER | |
| control field | 8419085 |
| 003 - CONTROL NUMBER IDENTIFIER | |
| control field | Ke-BoTe |
| 005 - DATE AND TIME OF LATEST TRANSACTION | |
| control field | 20220125113819.0 |
| 008 - FIXED-LENGTH DATA ELEMENTS--GENERAL INFORMATION | |
| fixed length control field | 830118s1959 nyua 000 0 eng |
| 010 ## - LIBRARY OF CONGRESS CONTROL NUMBER | |
| LC control number | 59011697 |
| 040 ## - CATALOGING SOURCE | |
| Original cataloging agency | DLC |
| Transcribing agency | CarP |
| Modifying agency | DLC |
| 050 00 - LIBRARY OF CONGRESS CALL NUMBER | |
| Classification number | BS551.2 |
| Item number | .G7 1959 |
| 100 1# - MAIN ENTRY--PERSONAL NAME | |
| Personal name | Graham, Ruth Bell. |
| 9 (RLIN) | 1802 |
| 245 10 - TITLE STATEMENT | |
| Title | Our Christmas story, |
| 260 ## - PUBLICATION, DISTRIBUTION, ETC. | |
| Place of publication, distribution, etc. | New York : |
| Name of publisher, distributor, etc. | Nelson, |
| Date of publication, distribution, etc. | [1959] |
| 300 ## - PHYSICAL DESCRIPTION | |
| Extent | 80 p. : |
| Other physical details | illus. ; |
| Dimensions | 21 cm. |
| 650 #0 - SUBJECT ADDED ENTRY--TOPICAL TERM | |
| Topical term or geographic name entry element | Bible stories, English. |
| 9 (RLIN) | 521 |
| 700 1# - ADDED ENTRY--PERSONAL NAME | |
| Personal name | Sherrill, Elizabeth. |
| 9 (RLIN) | 1549 |
| 906 ## - LOCAL DATA ELEMENT F, LDF (RLIN) | |
| a | 0 |
| b | cbc |
| c | premunv |
| d | u |
| e | ncip |
| f | 19 |
| g | y-gencatlg |
| 942 ## - ADDED ENTRY ELEMENTS (KOHA) | |
| Source of classification or shelving scheme | Library of Congress Classification |
| Koha item type | Books |
| Suppress in OPAC | No |
| Withdrawn status | Lost status | Source of classification or shelving scheme | Damaged status | Not for loan | Collection code | Home library | Current library | Shelving location | Date acquired | Total Checkouts | Full call number | Barcode | Date last seen | Price effective from | Koha item type |
|---|---|---|---|---|---|---|---|---|---|---|---|---|---|---|---|
| Library of Congress Classification | Non-fiction | SCHOOL OF CHAPLAINCY | SCHOOL OF CHAPLAINCY | General Stacks | 25.01.2022 | BS551.2.G7 1959 | 2101252022 | 25.01.2022 | 25.01.2022 | Books |
